000 00411nam a2200169Ia 4500
005 20250425161004.0
008 250425s9999 xx 000 0 und d
041 _aspa
082 _a621.24
100 _aMESTANZA YEPEZ, MANUEL XAVIER
245 0 _aDISENO; CONSTRUCCION Y EVALUACION DE UNA TURB
250 _aS.E.
260 _aS.L.
260 _aSin Pais
_bESPOL
_c1987
942 _c01
010 _a10088
999 _c200223
_d200223